[Event "Australian Reserves"]
[Site "Adelaide"]
[Date "2004.01.05"]
[Round "7.22"]
[White "Bristina, Husein"]
[Black "Pleskot, Sylvia"]
[Result "1-0"]
[WhiteElo "1614"]
[BlackElo "1726"]
[PlyCount "81"]
[EventDate "2003.12.29"]
[EventType "swiss"]
[EventRounds "11"]
[EventCountry "AUS"]

1. e4 c5 2. Nf3 Nc6 3. d4 cxd4 4. Bc4 e6 5. c3 dxc3 6. Nxc3 a6 7. Qe2 Qc7 8.
O-O Be7 9. Rd1 d6 10. Bf4 Nf6 11. e5 dxe5 12. Bxe5 Nxe5 13. Nxe5 O-O 14. Rac1
Bd6 15. f4 Qe7 16. Rd3 b5 17. Bb3 Bd7 18. Rcd1 Bc5+ 19. Kh1 Rfd8 20. Ne4 Nxe4
21. Qxe4 Be8 22. Rh3 g6 23. Rf1 Qd6 24. Qe1 Qe7 25. Qg3 Kh8 26. Rh6 f6 27.
Nxg6+ Bxg6 28. Qxg6 Bd4 29. Bxe6 Bxb2 30. Bf5 Ra7 31. Qh5 Qg7 32. Rxh7+ Qxh7
33. Bxh7 Rxh7 34. Qe2 Bd4 35. g4 Rhd7 36. g5 fxg5 37. fxg5 Bg7 38. g6 Rd5 39.
Qe7 Rd1 40. Qh4+ Kg8 41. Qh7# 1-0

[Event "Australian Reserves"]
[Site "Adelaide"]
[Date "2004.01.05"]
[Round "7.30"]
[White "Rigo, Bernard"]
[Black "Kramer, Warren"]
[Result "1-0"]
[WhiteElo "1755"]
[BlackElo "1331"]
[PlyCount "93"]
[EventDate "2003.12.29"]
[EventType "swiss"]
[EventRounds "11"]
[EventCountry "AUS"]

1. e4 Nf6 2. e5 Nd5 3. d4 d6 4. c4 Nb6 5. f4 dxe5 6. fxe5 e6 7. Nc3 Bb4 8. Qg4
g6 9. Bg5 Be7 10. Bxe7 Qxe7 11. O-O-O Bd7 12. Ne4 Ba4 13. Nf6+ Kd8 14. Rd2 N8d7
15. Nxd7 Nxd7 16. Nf3 h5 17. Qf4 Kc8 18. Kb1 Nb6 19. Be2 Bc6 20. Rc1 Bxf3 21.
Bxf3 g5 22. Qe4 c6 23. d5 g4 24. Bd1 Rd8 25. Bb3 c5 26. Rf2 a5 27. d6 Qd7 28.
Rcf1 Rf8 29. Rf6 a4 30. Bc2 a3 31. b3 Ra5 32. Qe1 Ra6 33. Qf2 Qc6 34. Rxe6 Nd7
35. Re7 b5 36. Qf5 bxc4 37. bxc4 Rb6+ 38. Bb3 Qa4 39. Kc2 Qc6 40. Rf2 Rxb3 41.
axb3 Rd8 42. Kb1 Kb7 43. Ka2 Kb6 44. Qd3 f6 45. exf6 Rf8 46. Qe4 Qxd6 47. Re6
1-0

[Event "Australian Reserves"]
[Site "Adelaide"]
[Date "2004.01.05"]
[Round "7.6"]
[White "Stead, Kerry"]
[Black "Flitney, Adrian"]
[Result "1-0"]
[WhiteElo "1935"]
[BlackElo "1876"]
[PlyCount "109"]
[EventDate "2003.12.29"]
[EventType "swiss"]
[EventRounds "11"]
[EventCountry "AUS"]

1. d4 d5 2. e4 e6 3. Be3 dxe4 4. Nd2 Nf6 5. f3 Nd5 6. Qe2 c5 7. dxc5 Nxe3 8.
Qxe3 Qa5 9. Qxe4 Bxc5 10. Nh3 Nd7 11. c3 Nf6 12. Qc4 Be3 13. Qb5+ Qxb5 14.
Bxb5+ Bd7 15. Bxd7+ Kxd7 16. Nc4 Bh6 17. Rd1+ Ke7 18. g4 g5 19. Nf2 Bg7 20. Ke2
Rhd8 21. Nd3 Rac8 22. Ne3 Nd5 23. h4 h6 24. hxg5 hxg5 25. Nxd5+ Rxd5 26. Nb4
Rxd1 27. Rxd1 Rd8 28. Rxd8 Kxd8 29. Nd3 Ke7 30. Nc5 b6 31. Ne4 Bh6 32. Kd3 f5
33. Ng3 Kf6 34. Kd4 Bf8 35. b4 Bd6 36. Ne2 Bb8 37. Ke3 e5 38. gxf5 Kxf5 39.
Ng3+ Ke6 40. Ke4 b5 41. Nf5 Bc7 42. Ne3 Bd6 43. a3 Bb8 44. c4 bxc4 45. Nxc4 Bc7
46. b5 Bb8 47. a4 Bc7 48. a5 Bb8 49. a6 Kf6 50. Na5 g4 51. fxg4 Bc7 52. Nc6 Bb6
53. Nxe5 Kg5 54. Nd7 Bg1 55. b6 1-0

[Event "Australian Reserves"]
[Site "Adelaide"]
[Date "2004.01.05"]
[Round "7.9"]
[White "Sonter, Matthew"]
[Black "Dragicevic, Domagoj"]
[Result "1-0"]
[WhiteElo "1794"]
[BlackElo "1895"]
[PlyCount "83"]
[EventDate "2003.12.29"]
[EventType "swiss"]
[EventRounds "11"]
[EventCountry "AUS"]

1. e4 c5 2. Nf3 d6 3. d4 cxd4 4. Nxd4 Nf6 5. Nc3 a6 6. Bg5 e6 7. f4 Be7 8. Qf3
Qc7 9. O-O-O Nbd7 10. g4 b5 11. Bxf6 Nxf6 12. g5 Nd7 13. f5 Nc5 14. f6 gxf6 15.
gxf6 Bf8 16. Bd3 Bd7 17. Kb1 b4 18. Nce2 Qb7 19. Rhe1 a5 20. Ng3 O-O-O 21. Qh5
Qb6 22. Nb3 a4 23. Nd2 Nxd3 24. cxd3 Qd4 25. Nf3 Qb6 26. Qxf7 a3 27. Rc1+ Kb8
28. Qh5 Qa6 29. Rc4 d5 30. exd5 Bb5 31. Rxe6 Qb7 32. Qe5+ Ka8 33. Nd4 Bxc4 34.
dxc4 Bc5 35. Nb5 Rc8 36. d6 Rhd8 37. Nc7+ Rxc7 38. dxc7 Rd1+ 39. Kc2 b3+ 40.
Kxd1 Qf3+ 41. Qe2 Qxe2+ 42. Rxe2 1-0

[Event "Australian Reserves"]
[Site "Adelaide"]
[Date "2004.01.05"]
[Round "7.12"]
[White "Cooke, Tristrom P"]
[Black "Holt, Kenneth P"]
[Result "0-1"]
[WhiteElo "1486"]
[BlackElo "1835"]
[PlyCount "108"]
[EventDate "2003.12.29"]
[EventType "swiss"]
[EventRounds "11"]
[EventCountry "AUS"]

1. e4 c6 2. d4 d5 3. Nc3 dxe4 4. Nxe4 Nf6 5. Nxf6+ gxf6 6. Nf3 Bg4 7. Be2 e6 8.
Bf4 Nd7 9. c3 Nb6 10. h3 Bh5 11. Nh4 Nd5 12. Bxh5 Nxf4 13. Qf3 Bd6 14. g3 Ng6
15. Bxg6 hxg6 16. Qe2 Qe7 17. O-O-O O-O-O 18. Ng2 Rh5 19. Ne3 Rdh8 20. h4 g5
21. Ng2 f5 22. Rde1 Qc7 23. Qd1 gxh4 24. Rxh4 Rxh4 25. Nxh4 $2 f4 26. Ng2 fxg3
27. fxg3 Bxg3 28. Rf1 f5 29. Qf3 Bd6 30. Re1 Qe7 31. Ne3 Qg5 32. Kd1 Bg3 33.
Re2 f4 34. Ng2 Rh1+ 35. Kd2 Qf5 36. Ne1 Rg1 37. Nd3 Kc7 38. Re5 Qh3 39. Re2 Rf1
40. Rf2 Rxf2+ 41. Nxf2 Qh2 42. Ke2 Kd6 43. Kf1 Qxf2+ 44. Qxf2 Bxf2 45. Kxf2 Kd5
46. Kf3 e5 47. dxe5 Kxe5 48. a4 b6 49. b3 c5 50. b4 cxb4 51. cxb4 a6 52. b5 a5
53. Kf2 Ke4 54. Ke2 Kd4 0-1

[Event "Australian Reserves"]
[Site "Adelaide"]
[Date "2004.01.05"]
[Round "7.20"]
[White "Ghobrial, Adel"]
[Black "Djelaj, Pasko"]
[Result "1-0"]
[WhiteElo "1570"]
[BlackElo "1738"]
[PlyCount "118"]
[EventDate "2003.12.29"]
[EventType "swiss"]
[EventRounds "11"]
[EventCountry "AUS"]

1. e4 c5 2. Nf3 Nc6 3. d4 cxd4 4. Nxd4 Nf6 5. Nc3 e6 6. Be2 d6 7. O-O Be7 8.
Re1 O-O 9. Be3 a6 10. a3 Re8 11. Rb1 Bf8 12. f4 Qc7 13. Nf3 Bd7 14. Bd3 h6 15.
Kh1 b5 16. Nh4 Rad8 17. Qe2 Bc8 18. Rbc1 Qe7 19. Bf2 Nd7 20. Nf3 Bb7 21. f5
Nce5 22. fxe6 fxe6 23. Nd1 Rc8 24. Ne3 g5 25. Nxe5 Nxe5 26. Ng4 Nd7 27. Ne3 Bg7
28. c3 Nc5 29. Nf1 Nd7 30. Ng3 Rf8 31. Bb1 Ne5 32. Bd4 Bc6 33. Rf1 a5 34. Ba2
a4 35. Nf5 Qd7 36. Nxg7 Kxg7 37. Rcd1 Qe7 38. Bb1 Kg6 39. Bxe5 dxe5 40. Qg4 Rf4
41. Rxf4 exf4 42. e5+ Kg7 43. Ba2 Re8 44. Rd6 Bd7 45. Bb1 Bc8 46. Qh5 Qf7 47.
Qd1 Re7 48. Qd3 Qf5 49. Rd8 Qxd3 50. Bxd3 Rd7 51. Rxd7+ Bxd7 52. Kg1 Kf7 53.
Kf2 Bc6 54. c4 bxc4 55. Bxc4 Bd5 56. Bb5 Bb3 57. g3 fxg3+ 58. Kxg3 Kg6 59. Bd3+
Kf7 {scoresheets become unreadable} 1-0

[Event "Australian Reserves"]
[Site "Adelaide"]
[Date "2004.01.06"]
[Round "8.1"]
[White "Cowley, Robert G"]
[Black "Lip, Michael"]
[Result "1/2-1/2"]
[WhiteElo "2022"]
[BlackElo "1964"]
[PlyCount "28"]
[EventDate "2003.12.29"]
[EventType "swiss"]
[EventRounds "11"]
[EventCountry "AUS"]

1. e4 d5 2. exd5 Qxd5 3. Nf3 Bg4 4. Be2 e6 5. d4 Nf6 6. O-O c6 7. c4 Qa5 8. Nc3
Bd6 9. Be3 Nbd7 10. h3 Bh5 11. a3 O-O 12. b4 Qd8 13. Qd2 Re8 14. Rfe1 e5
1/2-1/2

[Event "Australian Reserves"]
[Site "Adelaide"]
[Date "2004.01.06"]
[Round "8.2"]
[White "Guthrie, Aaron"]
[Black "Harp, Joel"]
[Result "1/2-1/2"]
[WhiteElo "1927"]
[BlackElo "1845"]
[PlyCount "50"]
[EventDate "2003.12.29"]
[EventType "swiss"]
[EventRounds "11"]
[EventCountry "AUS"]

1. e4 c5 2. Nf3 e6 3. d4 cxd4 4. Nxd4 Nf6 5. Nc3 d6 6. Bc4 a6 7. Bb3 Be7 8. Be3
b5 9. Qf3 Qc7 10. O-O-O Bd7 11. g4 h6 12. h4 Nc6 13. Nxc6 Bxc6 14. g5 Nd7 15.
a3 Ne5 16. Qe2 Bd7 17. f4 Nc4 18. f5 O-O-O 19. Qf2 Nxe3 20. Qxe3 Qc5 21. Qf4
hxg5 22. hxg5 Qe5 23. Qe3 Qc5 24. Qf4 Qe5 25. Qe3 Qc5 1/2-1/2

[Event "Australian Reserves"]
[Site "Adelaide"]
[Date "2004.01.06"]
[Round "8.3"]
[White "Stead, Kerry"]
[Black "Hare, Tim"]
[Result "0-1"]
[WhiteElo "1935"]
[BlackElo "1915"]
[PlyCount "96"]
[EventDate "2003.12.29"]
[EventType "swiss"]
[EventRounds "11"]
[EventCountry "AUS"]

1. e4 c5 2. c4 Nc6 3. Ne2 g6 4. d4 cxd4 5. Nxd4 Bg7 6. Nc2 Nf6 7. Nc3 d6 8. Be2
O-O 9. Be3 Be6 10. Rc1 Rc8 11. Qd2 Re8 12. f3 Qa5 13. b3 a6 14. Na4 Qxd2+ 15.
Kxd2 Nd7 16. Rhd1 h5 17. Ke1 Rb8 18. Nb6 Nxb6 19. Bxb6 Bb2 20. Rb1 Be5 21. g3
f5 22. Bd3 f4 23. Kf2 Rf8 24. Be2 g5 25. Nd4 Bd7 26. Nxc6 fxg3+ 27. hxg3 Bxc6
28. Bd3 Rf6 29. Rf1 Rbf8 30. Kg2 h4 31. gxh4 gxh4 32. Be2 Rg6+ 33. Kh1 Rf7 34.
Rg1 Bg3 35. Bf2 Rfg7 36. Bxg3 Rxg3 37. Rxg3 Rxg3 38. Rg1 Rxg1+ 39. Kxg1 Kg7 40.
Bf1 Kf6 41. Kf2 Kg5 42. Bh3 Kf4 43. Bc8 a5 44. Bh3 b6 45. Bf5 Be8 46. Ke2 Bh5
47. Kd3 Bxf3 48. Kd4 Bg4 0-1

[Event "Australian Reserves"]
[Site "Adelaide"]
[Date "2004.01.06"]
[Round "8.4"]
[White "Dizdarevic, Mehmedalija"]
[Black "Sonter, Matthew"]
[Result "0-1"]
[WhiteElo "1917"]
[BlackElo "1794"]
[PlyCount "74"]
[EventDate "2003.12.29"]
[EventType "swiss"]
[EventRounds "11"]
[EventCountry "AUS"]

1. e4 c5 2. Nf3 d6 3. d4 cxd4 4. Nxd4 Nf6 5. Nc3 a6 6. Bc4 e6 7. Bb3 Nbd7 8.
Bg5 Nc5 9. Qe2 Be7 10. f4 h6 11. Bxf6 Bxf6 12. O-O-O Nxb3+ 13. Nxb3 Qc7 14. Rd3
b5 15. Rhd1 b4 16. Nb1 O-O 17. Qd2 a5 18. Nd4 Ba6 19. Re3 Rac8 20. c3 a4 21.
Nc2 a3 22. b3 bxc3 23. Qxd6 Qb7 24. Qxa3 Bb5 25. b4 Ra8 26. Qb3 Ba4 27. Qc4
Rfc8 28. Qe2 Bxc2 29. Qxc2 Qxb4 30. e5 Qxf4 31. Rde1 Bg5 32. Kd1 Qg4+ 33. Rf3
Rd8+ 34. Ke2 Qxg2+ 35. Rf2 Qg4+ 36. Rf3 Bh4 37. Nxc3 Qg2+ 0-1

[Event "Australian Reserves"]
[Site "Adelaide"]
[Date "2004.01.06"]
[Round "8.5"]
[White "Fry, Peter"]
[Black "Silas, Frank"]
[Result "1-0"]
[WhiteElo "1696"]
[BlackElo "1843"]
[PlyCount "74"]
[EventDate "2003.12.29"]
[EventType "swiss"]
[EventRounds "11"]
[EventCountry "AUS"]

1. b3 e5 2. Bb2 Nc6 3. Nf3 d6 4. e3 Nf6 5. c4 Bg4 6. Be2 Be7 7. Nc3 Qd7 8. a3
e4 9. Ng5 Ne5 10. f3 exf3 11. gxf3 Bh5 12. d4 Ng6 13. Nge4 Nxe4 14. Nxe4 Bh4+
15. Kd2 f5 16. Ng3 f4 17. Nxh5 fxe3+ 18. Kc1 O-O-O 19. f4 Kb8 20. Bg4 Qf7 21.
Qe2 Nxf4 22. Nxf4 Qxf4 23. Rf1 Bf2 24. h3 h5 25. Be6 Rhe8 26. d5 g5 27. Bc3 c6
28. Kb2 cxd5 29. cxd5 Qh2 30. Rac1 h4 31. Bf6 Rf8 32. Bxd8 Rxd8 33. Ka2 a6 34.
Rc2 Qe5 35. Rfc1 g4 36. Qxg4 Qg3 37. Qd4 e2 1-0

[Event "Australian Reserves"]
[Site "Adelaide"]
[Date "2004.01.06"]
[Round "8.6"]
[White "Lindberg, Douglas"]
[Black "Pengelley, Justin"]
[Result "0-1"]
[WhiteElo "1620"]
[BlackElo "1834"]
[PlyCount "138"]
[EventDate "2003.12.29"]
[EventType "swiss"]
[EventRounds "11"]
[EventCountry "AUS"]

1. c4 c6 2. d4 d5 3. Nc3 Nf6 4. Nf3 e6 5. Bf4 dxc4 6. a4 Bb4 7. Qc2 Nd5 8. Bd2
f5 9. e3 Bxc3 10. Bxc3 b5 11. e4 Nxc3 12. bxc3 fxe4 13. Qxe4 Qd5 14. Qf4 Nd7
15. Be2 Nf6 16. Qc7 O-O 17. axb5 cxb5 18. Rxa7 Rxa7 19. Qxa7 Bb7 20. Qa3 Ne4
21. O-O Nd2 22. Rc1 Qe4 23. Bd1 Qg4 24. Ne1 Qh4 25. Nf3 Rxf3 26. Bxf3 Bxf3 27.
gxf3 Qh3 28. Qa8+ Kf7 29. Qb7+ Kf6 30. Qb8 Nxf3+ 31. Kh1 Ng5 32. Qf4+ Kg6 33.
Rg1 h6 34. Qe4+ Kf7 35. Qf4+ Kg8 36. Qg3 Qxg3 37. fxg3 Kf7 38. Kg2 Ne4 39. Rc1
e5 40. Kf3 Nd2+ 41. Ke3 Nb3 42. Rf1+ Ke6 43. dxe5 Nc5 44. Rf8 Nd7 45. Rg8 g5
46. Kd4 Kf5 47. Rd8 Ke6 48. Rh8 Kf5 49. Rd8 Ke6 50. g4 Ke7 51. Rh8 Nf8 52. Rxh6
Ne6+ 53. Kd5 Nf4+ 54. Kc5 Nd3+ 55. Kd5 Nf4+ 56. Kc6 b4 57. cxb4 c3 58. Kb5 Ne2
59. Rh7+ Ke6 60. Rc7 c2 61. Rxc2 Nd4+ 62. Kc4 Nxc2 63. Kc3 Ne3 64. Kd4 Nxg4 65.
b5 Nxh2 66. Kc5 Nf3 67. b6 Nxe5 68. b7 Nd7+ 69. Kd4 Nb8 0-1

[Event "Australian Reserves"]
[Site "Adelaide"]
[Date "2004.01.06"]
[Round "8.7"]
[White "Alkin, John"]
[Black "Pyke, Malcolm L"]
[Result "0-1"]
[WhiteElo "1583"]
[BlackElo "1914"]
[PlyCount "62"]
[EventDate "2003.12.29"]
[EventType "swiss"]
[EventRounds "11"]
[EventCountry "AUS"]

1. d4 Nf6 2. c4 c5 3. d5 e6 4. Nc3 exd5 5. cxd5 d6 6. e4 g6 7. Bd3 Bg7 8. Nge2
O-O 9. h3 Na6 10. O-O Nc7 11. Ng3 Nd7 12. f4 Rb8 13. Qf3 b5 14. Nd1 Bb7 15. Ne3
c4 16. Bc2 Nc5 17. f5 Nd7 18. Ng4 Ne5 19. Nxe5 Bxe5 20. Qg4 Bc8 21. Bh6 Re8 22.
Qf3 Qf6 23. Qg4 Qd8 24. Nh5 Kh8 25. Nf4 Rg8 26. Bg5 f6 27. Ne6 Nxe6 28. dxe6
gxf5 29. Bxf6+ Qxf6 30. Qxf5 Qxe6 31. Qh5 Qxh3 0-1

[Event "Australian Reserves"]
[Site "Adelaide"]
[Date "2004.01.06"]
[Round "8.29"]
[White "Forace, Lee"]
[Black "Stewart, Clint"]
[Result "1-0"]
[WhiteElo "1592"]
[BlackElo "1270"]
[PlyCount "42"]
[EventDate "2003.12.29"]
[EventType "swiss"]
[EventRounds "11"]
[EventCountry "AUS"]

1. e4 c5 2. Nc3 Nc6 3. g3 g6 4. Bg2 Bg7 5. d3 e6 6. Be3 d6 7. Qd2 Nge7 8. Bh6
Bxh6 9. Qxh6 f5 10. O-O-O Kf7 11. Nf3 Ng8 12. Qe3 e5 13. Ng5+ Kg7 14. f4 Nf6
15. Rdf1 Ng4 16. Qg1 exf4 17. gxf4 Nge5 18. exf5 Bxf5 19. Be4 Bg4 20. h3 Nd4
21. hxg4 Rg8 1-0

[Event "Australian Reserves"]
[Site "Adelaide"]
[Date "2004.01.06"]
[Round "8.9"]
[White "Obst, James"]
[Black "Krstic, Slobodan"]
[Result "0-1"]
[WhiteElo "1539"]
[BlackElo "1922"]
[PlyCount "82"]
[EventDate "2003.12.29"]
[EventType "swiss"]
[EventRounds "11"]
[EventCountry "AUS"]

1. e4 e6 2. d3 c5 3. Nf3 Nc6 4. g3 Be7 5. Bg2 d6 6. Nbd2 Bd7 7. O-O h5 8. Nc4
h4 9. d4 b5 10. Ne3 hxg3 11. hxg3 Qb6 12. d5 Nd4 13. e5 O-O-O 14. exd6 Bxd6 15.
a4 e5 16. c3 Nxf3+ 17. Qxf3 Nh6 18. axb5 Bxb5 19. Bh3+ Kb8 20. c4 Bd7 21. Bxd7
Rxd7 22. Nc2 Be7 23. Ra3 Rb7 24. Na1 Qg6 25. Rb3 Rb6 26. Bxh6 Qxh6 27. Qg2 f5
28. Rf3 g6 29. Nb3 e4 30. Re3 Bd6 31. f4 Qg7 32. Ra1 g5 33. Rf1 Be7 34. Na5
gxf4 35. gxf4 Rg6 36. Nc6+ Kc7 37. Rf2 Rg8 38. Ree2 Bh4 39. Kf1 Bxf2 40. Qh3
Rh6 41. d6+ Kxc6 0-1

[Event "Australian Reserves"]
[Site "Adelaide"]
[Date "2004.01.06"]
[Round "8.11"]
[White "Yachou, Nur"]
[Black "Safarian, Alek"]
[Result "0-1"]
[WhiteElo "1764"]
[BlackElo "1899"]
[PlyCount "42"]
[EventDate "2003.12.29"]
[EventType "swiss"]
[EventRounds "11"]
[EventCountry "AUS"]

1. e4 c5 2. Nf3 d6 3. d4 cxd4 4. Nxd4 Nf6 5. Nc3 g6 6. Be3 Bg7 7. Bc4 O-O 8. f3
Nc6 9. Qd2 Bd7 10. h4 h5 11. O-O-O Rc8 12. Kb1 Nxd4 13. Qxd4 Ng4 14. Bxf7+ Rxf7
15. Qxa7 Nxe3 16. Qxe3 Bxc3 17. bxc3 Qa5 18. Qg5 Qxc3 19. Qxg6+ Rg7 20. Qxh5
Rc5 21. Qh6 Qxc2+ 0-1

[Event "Australian Reserves"]
[Site "Adelaide"]
[Date "2004.01.06"]
[Round "8.16"]
[White "Oks, Oliver"]
[Black "Ly, Moulthun"]
[Result "1/2-1/2"]
[WhiteElo "1799"]
[BlackElo "1646"]
[PlyCount "40"]
[EventDate "2003.12.29"]
[EventType "swiss"]
[EventRounds "11"]
[EventCountry "AUS"]

1. e4 c5 2. Nf3 Nc6 3. d4 cxd4 4. Nxd4 g6 5. c4 Nf6 6. Nc3 d6 7. Be2 Nxd4 8.
Qxd4 Bg7 9. Be3 O-O 10. Qd2 Be6 11. Rc1 Qa5 12. O-O Rfc8 13. b3 a6 14. f3 b5
15. cxb5 axb5 16. Qd3 Bd7 17. Nxb5 Qxa2 18. Nd4 Rcb8 19. Rc2 Qa3 20. Rb1 Rb7
1/2-1/2

[Event "Australian Reserves"]
[Site "Adelaide"]
[Date "2004.01.06"]
[Round "8.19"]
[White "Stevens, Tristan"]
[Black "Cooke, Tristrom P"]
[Result "0-1"]
[WhiteElo "1706"]
[BlackElo "1486"]
[PlyCount "54"]
[EventDate "2003.12.29"]
[EventType "swiss"]
[EventRounds "11"]
[EventCountry "AUS"]

1. e4 e5 2. Nf3 Nc6 3. Bc4 Bc5 4. c3 d6 5. d4 exd4 6. Ng5 Nh6 7. O-O dxc3 8.
Nxc3 Ne5 9. Bb3 Bg4 10. Ba4+ c6 11. Qd2 O-O 12. Bd1 b5 13. Kh1 Bxd1 14. Qxd1
Nhg4 15. f4 Nf2+ 16. Rxf2 Bxf2 17. fxe5 dxe5 18. Qh5 h6 19. Nh3 Qf6 20. Bxh6
gxh6 21. Rf1 Qg6 22. Qxe5 Bh4 23. Rf5 Rae8 24. Qf4 Bd8 25. Nf2 Bg5 26. Qg3 Qxf5
27. h4 Qf4 0-1

[Event "Australian Reserves"]
[Site "Adelaide"]
[Date "2004.01.06"]
[Round "8.20"]
[White "Shaw, Robin A"]
[Black "Lindberg, Eric"]
[Result "1-0"]
[WhiteElo "1607"]
[BlackElo "1426"]
[PlyCount "59"]
[EventDate "2003.12.29"]
[EventType "swiss"]
[EventRounds "11"]
[EventCountry "AUS"]

1. e4 d5 2. e5 Bf5 3. d4 e6 4. Be3 f6 5. Bd3 Bg6 6. Bxg6+ hxg6 7. Qg4 Qe7 8.
Qxg6+ Kd7 9. c3 Nc6 10. Nf3 Nh6 11. g4 Qf7 12. Qxf7+ Nxf7 13. exf6 gxf6 14. h4
e5 15. h5 e4 16. Nh4 Ne7 17. Nd2 Bh6 18. O-O-O Bxe3 19. fxe3 Ng5 20. Rdf1 Ke6
21. Ng2 f5 22. Nf4+ Kf6 23. Ng6 Nxg6 24. Rxf5+ Ke6 25. Rxg5 Rag8 26. Rf1 Ne7
27. Re5+ Kd7 28. Rf7 Re8 29. Nf1 Rhf8 30. Rfxe7+ 1-0

[Event "Australian Reserves"]
[Site "Adelaide"]
[Date "2004.01.06"]
[Round "8.31"]
[White "Peake, Michael"]
[Black "Turcaj, Pavel"]
[Result "1-0"]
[WhiteElo "1467"]
[BlackElo "1395"]
[PlyCount "49"]
[EventDate "2003.12.29"]
[EventType "swiss"]
[EventRounds "11"]
[EventCountry "AUS"]

1. e4 e5 2. Nf3 Nc6 3. Bc4 Bc5 4. O-O Nf6 5. Nc3 O-O 6. h3 a6 7. d3 d6 8. Bg5
Be6 9. Nd5 Bxd5 10. Bxd5 h6 11. Bxc6 bxc6 12. Be3 Bb6 13. c3 c5 14. Qc2 Re8 15.
Rad1 Qe7 16. Rfe1 Qe6 17. b3 Qc8 18. Nd2 Qb7 19. Nc4 d5 20. exd5 Nxd5 21. Qc1
Nxe3 22. Rxe3 f6 23. Rg3 c6 24. Qxh6 Bd8 25. Nd6 1-0

[Event "Australian Reserves"]
[Site "Adelaide"]
[Date "2004.01.06"]
[Round "8.15"]
[White "Tulevski, Vasil G"]
[Black "Bristina, Husein"]
[Result "1/2-1/2"]
[WhiteElo "1871"]
[BlackElo "1614"]
[Annotator "Wedding,Robin"]
[PlyCount "279"]
[EventDate "2003.12.29"]
[EventType "swiss"]
[EventRounds "11"]
[EventCountry "AUS"]

1. d4 Nf6 2. c4 c5 3. d5 d6 4. Nc3 g6 5. e4 Bg7 6. Be2 O-O 7. Bg5 e6 8. Nf3 Na6
9. O-O Nc7 10. Qd2 exd5 11. exd5 a6 12. a4 Qd7 13. a5 Qd8 14. Qf4 Bf5 15. Nh4
h6 16. Bxf6 Qxf6 17. Nxf5 gxf5 18. Bd3 Rae8 19. Qxf5 Qxf5 20. Bxf5 Re5 21. Bd3
Rfe8 22. Rfd1 R8e7 23. Kf1 Ne8 24. Re1 Kf8 25. Rxe5 Bxe5 26. Nd1 Bd4 27. Bf5
Nf6 28. f3 Ke8 29. Ra3 Kd8 30. Rd3 Kc7 31. b4 b5 32. axb6+ Kxb6 33. Rb3 cxb4
34. Rxb4+ Kc5 35. Ra4 Ra7 36. Ke2 Nh5 37. g3 Ng7 38. Bc8 Kb6 39. Kd3 Bc5 40.
Nc3 a5 41. Ra2 Re7 42. Re2 Rxe2 43. Kxe2 Bb4 44. Na4+ Kc7 45. Bh3 Nh5 46. Ke3
Kd8 47. Ke4 Ke7 48. Kf5 Bd2 49. Bf1 Be3 50. Be2 Bg1 51. g4 Ng7+ 52. Ke4 Bxh2
53. c5 dxc5 54. Nxc5 Bd6 55. Nb7 a4 56. Na5 a3 57. Bc4 Ne8 58. Nc6+ Kd7 59. Nd4
Nc7 60. Nf5 Bf8 61. Ke5 Ne8 62. Ba2 f6+ 63. Kd4 Nc7 64. Kc4 Ne8 65. Kd3 Nd6 66.
Nd4 Nf7 67. Ke4 Nd6+ 68. Kf4 Ke8 69. Kg3 Kf7 70. Kh4 f5 71. Kh5 fxg4 72. Kxg4
Kf6 73. Ne6 Be7 74. Nd4 Bd8 75. Kh5 Bb6 76. Nc2 Bc5 77. Kxh6 Kf5 78. Kg7 Kf4
79. Ne1 Ke3 80. f4 Kd2 81. Nf3+ Kc2 82. Ne1+ Kb2 83. Kg6 Kxa2 84. Nc2 Kb3 85.
Nxa3 Bxa3 86. Kf6 Kc4 87. Ke6 Nc8 88. f5 Bf8 89. f6 Nd6 90. Ke5 Kc5 91. Ke6 Kd4
92. f7 Ke4 93. Kd7 Kxd5 94. Kc7 Ke6 95. Kc6 Kxf7 {Diagram #} 96. Kd5 Kf6 97.
Kc6 Ke6 98. Kc5 Bg7 99. Kc6 Bd4 100. Kc7 Nf7 101. Kc6 Ne5+ 102. Kc7 Ke7 103.
Kc8 Kd6 104. Kb7 Nd7 105. Ka8 Bb6 106. Kb7 Be3 107. Ka8 Nb6+ 108. Kb7 Bd4 109.
Kb8 Kc6 110. Ka7 Be5 111. Ka6 Nc8 $2 (111... Bb8 112. Ka5 Nd5 113. Ka4 Kc5 114.
Kb3 Nb4 115. Kc3 Bf4 116. Kb2 Kc4 117. Ka3 Nd3 118. Ka4 Bc7 119. Ka3 Bb6 120.
Ka4 (120. Ka2 Kc3 121. Ka3 Nb2 122. Ka2 Kc2 123. Ka3 Bc5+ 124. Ka2 Nd3 125. Ka1
Bb4 126. Ka2 Nc1+ 127. Ka1 Bc3#) 120... Nb2+ 121. Ka3 Kc3 122. Ka2 Kc2 123. Ka1
Nd3 124. Ka2 Bc5 125. Ka1 Bb4 126. Ka2 Nc1+ 127. Ka1 Bc3#) 112. Ka5 Kc5 113.
Ka6 Kc6 114. Ka5 Kc5 115. Ka6 Nd6 116. Ka7 Kc6 117. Ka8 Kb6 118. Kb8 Nb5+ 119.
Ka8 Nc7+ 120. Kb8 Bf4 121. Kc8 Kc6 122. Kb8 Be3 123. Kc8 Na6 (123... Ba7 {
again the better move}) 124. Kd8 Kd6 125. Kc8 Kc6 126. Kd8 Bc5 127. Kc8 Ba7
128. Kd8 Bc5 129. Kc8 Be3 130. Kd8 Nc7 131. Kc8 Nd5 132. Kb8 Nc7 133. Kc8 Ne6
134. Kb8 Nc5 135. Ka8 Kc7 136. Ka7 Bf4 137. Ka8 Ne6 138. Ka7 Kc6 139. Ka8 Bd6
140. Ka7 1/2-1/2

[Event "Australian Reserves"]
[Site "Adelaide"]
[Date "2004.01.06"]
[Round "8.12"]
[White "Dragicevic, Domagoj"]
[Black "Lindberg, Gordon"]
[Result "1-0"]
[WhiteElo "1895"]
[BlackElo "1690"]
[PlyCount "139"]
[EventDate "2003.12.29"]
[EventType "swiss"]
[EventRounds "11"]
[EventCountry "AUS"]

1. e4 Nf6 2. e5 Nd5 3. d4 d6 4. c4 Nb6 5. exd6 cxd6 6. Nc3 g6 7. Be3 Bg7 8. Rc1
Be6 9. Nf3 O-O 10. b3 Bg4 11. Be2 N6d7 12. O-O Nc6 13. Qd2 Qa5 14. Rfd1 Rfd8
15. h3 Bxf3 16. Bxf3 Nf6 17. Qc2 Rac8 18. Nd5 h6 19. Nxf6+ Bxf6 20. Bxc6 Rxc6
21. Bxh6 d5 22. Be3 Rdc8 23. Qe2 Qa6 24. Kf1 dxc4 25. d5 R6c7 26. Bf4 Rc5 27.
b4 Rb5 28. Rxc4 Rxc4 29. Qxc4 Rxb4 30. Qxa6 bxa6 31. Be3 Rb2 32. Rd2 Rxd2 33.
Bxd2 Bd4 34. Ke2 Kf8 35. Be3 Bb6 36. Kd3 Ke8 37. h4 Kd7 38. g4 Bd8 39. h5 Ke8
40. Ke4 Kf8 41. Bxa7 Kg7 42. Be3 Kh7 43. a4 gxh5 44. gxh5 Bc7 45. Bf4 Bb6 46.
f3 Bc5 47. Kd3 Ba3 48. Kc4 Kg7 49. Be3 e6 50. Bf4 exd5+ 51. Kxd5 Bb4 52. Kc4
Be1 53. Kc5 Bc3 54. Kb6 a5 55. Kb5 Kh7 56. Bc7 Kh6 57. Bxa5 Be5 58. Bd2+ Kxh5
59. a5 Kh4 60. a6 Bd4 61. Kc6 Kg3 62. f4 Kf3 63. Kb7 Be3 64. Bxe3 Kxe3 65. f5
Kf4 66. f6 Kf5 67. a7 Kxf6 68. a8=Q Kg5 69. Qa1 Kf5 70. Qf1+ 1-0

[Event "Australian Reserves"]
[Site "Adelaide"]
[Date "2004.01.06"]
[Round "8.18"]
[White "Kordahi, Nicholas"]
[Black "Lutley, Philip"]
[Result "1/2-1/2"]
[WhiteElo "1728"]
[BlackElo "1484"]
[PlyCount "62"]
[EventDate "2003.12.29"]
[EventType "swiss"]
[EventRounds "11"]
[EventCountry "AUS"]

1. e4 e5 2. Nf3 Nc6 3. Nc3 Bc5 4. Bb5 d6 5. d4 exd4 6. Nxd4 Bd7 7. Nxc6 bxc6 8.
Bc4 Nf6 9. Bg5 Rb8 10. Bb3 O-O 11. O-O Re8 12. Qf3 Bd4 13. Rad1 Be5 14. Qe3 h6
15. Bxf6 Qxf6 16. Rd3 c5 17. Nd5 Qd8 18. f4 Bd4 19. Rxd4 cxd4 20. Qxd4 c6 21.
Nc3 Be6 22. Qd3 Bxb3 23. axb3 Qb6+ 24. Kh1 Rbd8 25. Ne2 Qb4 26. Ng3 d5 27. e5
Re6 28. Qe3 Qb6 29. Qd3 Qb4 30. Qe3 Qb6 31. Qd3 Qb4 1/2-1/2